Quiz o Jugosławii - Statystyki

Ogólne statystyki
  • Ten quiz został rozwiązany 19 razy
  • Średni wynik to 6 z 15
Statystyki odpowiedzi
Pytanie Odpowiedź % Poprawnych
Stolica Belgrad
100%
Rok początku upadku Jugosławii 1991
64%
Rok powstania Jugosławii 1918
55%
Rok zakończenia wojen w Jugosławii 1992
55%
Rok oficjalnego upadku Jugosławii 2006
55%
Organizacja która zbombardowała Jugosławię w 1999 roku NATO
55%
Sojusz który zaatakował Jugosławię w 1941 roku
55%
Prezydent Jugosławii w latach 1945-1963 Josip Broz Tito
36%
Jaką nazwę nosiła Jugosławia w latach 1918-1929? Królestwo Serbów, Chorwatów i Słoweńców
36%
Jaką nazwę nosiła Jugosławia w latach 2003-2006 Serbia i Czarnogóra
27%
Państwo które wspierało Armię Wyzwolenia Kosowa podczas wojny w Kosowie Albania
18%
Państwa wchodzące w skład Jugosławii (zapisz w kolejności alfabetycznej) Bośnia i Hercegowina, Chorwacja, Czarnogóra, Kosowo, Macedonia Północna, Serbia, Słowenia
18%
Porozumienie do którego należała Jugosławia razem z Rumunią i Czechosłowacją Mała Ententa
18%
Najwyższy punkt Jugosławii (obecnie leży w Kosowie) Gjerovica
0%
Traktat w którym Jugosławia zdobyła Chorwację, większość Baczki oraz część Banatu Traktat w Tiranon
0%
Nie znaleziono quizów pasujących do podanych kryteriów
Rozkład punktacji
Procent ludzi z każdym wynikiem
Percentyl według liczby udzielonych odpowiedzi
Twoja historia wyników
Nie rozwiązałeś tego quizu